<?xml version="1.0" encoding="UTF-8"?>
<record
    xmlns:xsi="http://www.w3.org/2001/XMLSchema-instance"
    xsi:schemaLocation="http://www.loc.gov/MARC21/slim http://www.loc.gov/standards/marcxml/schema/MARC21slim.xsd"
    xmlns="http://www.loc.gov/MARC21/slim">

  <leader>00604nam a22001577a 4500</leader>
  <controlfield tag="003">OSt</controlfield>
  <controlfield tag="005">20151211141832.0</controlfield>
  <controlfield tag="008">151211b        xxu||||| |||| 00| 0 eng d</controlfield>
  <datafield tag="040" ind1=" " ind2=" ">
    <subfield code="c">RUA</subfield>
  </datafield>
  <datafield tag="082" ind1=" " ind2=" ">
    <subfield code="a">ATM LA 2004 B207 Or.1</subfield>
  </datafield>
  <datafield tag="100" ind1=" " ind2=" ">
    <subfield code="9">4708</subfield>
    <subfield code="a">LA, PUTHEAVY.</subfield>
  </datafield>
  <datafield tag="245" ind1=" " ind2=" ">
    <subfield code="a">Study on farners' adopted rice seed in stung treng province, &#x179F;&#x17B7;&#x1780;&#x17D2;&#x179F;&#x17B6;&#x1794;&#x17D2;&#x179A;&#x1797;&#x17C1;&#x1791;&#x1796;&#x17BC;&#x1787;&#x179F;&#x17D2;&#x179A;&#x17BC;&#x179C;&#x178A;&#x17C2;&#x179B;&#x1780;&#x179F;&#x17B7;&#x1780;&#x179A;&#x1793;&#x17B7;&#x1799;&#x1798;&#x1794;&#x17D2;&#x179A;&#x17BE;&#x1794;&#x17D2;&#x179A;&#x17B6;&#x179F;&#x17CB; &#x1793;&#x17C5;&#x1781;&#x17C1;&#x178F;&#x17D2;&#x178F;&#x179F;&#x17D2;&#x1791;&#x17B9;&#x1784;&#x178F;&#x17D2;&#x179A;&#x17C2;&#x1784;</subfield>
  </datafield>
  <datafield tag="260" ind1=" " ind2=" ">
    <subfield code="a">Phnom Penh</subfield>
    <subfield code="b">RUA</subfield>
    <subfield code="c">2004</subfield>
  </datafield>
  <datafield tag="300" ind1=" " ind2=" ">
    <subfield code="a">viii, 48p.</subfield>
    <subfield code="b">ill.</subfield>
    <subfield code="c">29cm.</subfield>
  </datafield>
  <datafield tag="942" ind1=" " ind2=" ">
    <subfield code="2">ddc</subfield>
    <subfield code="c">ATM</subfield>
  </datafield>
  <datafield tag="999" ind1=" " ind2=" ">
    <subfield code="c">4389</subfield>
    <subfield code="d">4389</subfield>
  </datafield>
  <datafield tag="952" ind1=" " ind2=" ">
    <subfield code="0">0</subfield>
    <subfield code="1">0</subfield>
    <subfield code="2">ddc</subfield>
    <subfield code="4">0</subfield>
    <subfield code="6">ATM_LA_2004_000000000000000_B207_OR_1</subfield>
    <subfield code="7">0</subfield>
    <subfield code="9">22555</subfield>
    <subfield code="a">LBB</subfield>
    <subfield code="b">LBB</subfield>
    <subfield code="c">B207</subfield>
    <subfield code="d">2015-12-11</subfield>
    <subfield code="o">ATM LA 2004 B207 Or.1</subfield>
    <subfield code="p">RUA034279</subfield>
    <subfield code="r">2015-12-11</subfield>
    <subfield code="w">2015-12-11</subfield>
    <subfield code="y">ATM</subfield>
  </datafield>
  <datafield tag="952" ind1=" " ind2=" ">
    <subfield code="0">0</subfield>
    <subfield code="1">0</subfield>
    <subfield code="2">ddc</subfield>
    <subfield code="4">0</subfield>
    <subfield code="6">ATM_LA_2004_000000000000000_B207_OR_2</subfield>
    <subfield code="7">0</subfield>
    <subfield code="9">22556</subfield>
    <subfield code="a">LBB</subfield>
    <subfield code="b">LBB</subfield>
    <subfield code="c">B207</subfield>
    <subfield code="d">2015-12-11</subfield>
    <subfield code="o">ATM LA 2004 B207 Or.2</subfield>
    <subfield code="p">RUA033879</subfield>
    <subfield code="r">2015-12-11</subfield>
    <subfield code="w">2015-12-11</subfield>
    <subfield code="y">ATM</subfield>
  </datafield>
  <datafield tag="952" ind1=" " ind2=" ">
    <subfield code="0">0</subfield>
    <subfield code="1">0</subfield>
    <subfield code="2">ddc</subfield>
    <subfield code="4">0</subfield>
    <subfield code="6">ATM_LA_2004_000000000000000_B207_OR_3</subfield>
    <subfield code="7">0</subfield>
    <subfield code="9">22557</subfield>
    <subfield code="a">LBB</subfield>
    <subfield code="b">LBB</subfield>
    <subfield code="c">B207</subfield>
    <subfield code="d">2015-12-11</subfield>
    <subfield code="o">ATM LA 2004 B207 Or.3</subfield>
    <subfield code="p">RUA034134</subfield>
    <subfield code="r">2015-12-11</subfield>
    <subfield code="w">2015-12-11</subfield>
    <subfield code="y">ATM</subfield>
  </datafield>
  <datafield tag="952" ind1=" " ind2=" ">
    <subfield code="0">0</subfield>
    <subfield code="1">0</subfield>
    <subfield code="2">ddc</subfield>
    <subfield code="4">0</subfield>
    <subfield code="6">ATM_LA_2004_000000000000000_B207_OR_4</subfield>
    <subfield code="7">0</subfield>
    <subfield code="9">22558</subfield>
    <subfield code="a">LBB</subfield>
    <subfield code="b">LBB</subfield>
    <subfield code="c">B207</subfield>
    <subfield code="d">2015-12-11</subfield>
    <subfield code="o">ATM LA 2004 B207 Or.4</subfield>
    <subfield code="p">RUA033941</subfield>
    <subfield code="r">2015-12-11</subfield>
    <subfield code="w">2015-12-11</subfield>
    <subfield code="y">ATM</subfield>
  </datafield>
  <datafield tag="952" ind1=" " ind2=" ">
    <subfield code="0">0</subfield>
    <subfield code="1">0</subfield>
    <subfield code="2">ddc</subfield>
    <subfield code="4">0</subfield>
    <subfield code="6">ATM_LA_2004_000000000000000_B207_OR_5</subfield>
    <subfield code="7">0</subfield>
    <subfield code="9">22559</subfield>
    <subfield code="a">LBB</subfield>
    <subfield code="b">LBB</subfield>
    <subfield code="c">B207</subfield>
    <subfield code="d">2015-12-11</subfield>
    <subfield code="o">ATM LA 2004 B207 Or.5</subfield>
    <subfield code="p">RUA033827</subfield>
    <subfield code="r">2015-12-11</subfield>
    <subfield code="w">2015-12-11</subfield>
    <subfield code="y">ATM</subfield>
  </datafield>
  <datafield tag="952" ind1=" " ind2=" ">
    <subfield code="0">0</subfield>
    <subfield code="1">0</subfield>
    <subfield code="2">ddc</subfield>
    <subfield code="4">0</subfield>
    <subfield code="6">ATM_LA_2004_000000000000000_B207_OR_6</subfield>
    <subfield code="7">0</subfield>
    <subfield code="9">22560</subfield>
    <subfield code="a">LBB</subfield>
    <subfield code="b">LBB</subfield>
    <subfield code="c">B207</subfield>
    <subfield code="d">2015-12-11</subfield>
    <subfield code="l">1</subfield>
    <subfield code="o">ATM LA 2004 B207 Or.6</subfield>
    <subfield code="p">RUA033891</subfield>
    <subfield code="r">2017-08-02</subfield>
    <subfield code="s">2017-07-26</subfield>
    <subfield code="w">2015-12-11</subfield>
    <subfield code="y">ATM</subfield>
  </datafield>
  <datafield tag="952" ind1=" " ind2=" ">
    <subfield code="0">0</subfield>
    <subfield code="1">0</subfield>
    <subfield code="2">ddc</subfield>
    <subfield code="4">0</subfield>
    <subfield code="6">ATM_LA_2004_000000000000000_B207_OR_7</subfield>
    <subfield code="7">0</subfield>
    <subfield code="9">22561</subfield>
    <subfield code="a">LBB</subfield>
    <subfield code="b">LBB</subfield>
    <subfield code="c">B207</subfield>
    <subfield code="d">2015-12-11</subfield>
    <subfield code="o">ATM LA 2004 B207 Or.7</subfield>
    <subfield code="p">RUA033812</subfield>
    <subfield code="r">2015-12-11</subfield>
    <subfield code="w">2015-12-11</subfield>
    <subfield code="y">ATM</subfield>
  </datafield>
  <datafield tag="952" ind1=" " ind2=" ">
    <subfield code="0">0</subfield>
    <subfield code="1">0</subfield>
    <subfield code="2">ddc</subfield>
    <subfield code="4">0</subfield>
    <subfield code="6">ATM_LA_2004_000000000000000_B207_OR_8</subfield>
    <subfield code="7">0</subfield>
    <subfield code="9">22562</subfield>
    <subfield code="a">LBB</subfield>
    <subfield code="b">LBB</subfield>
    <subfield code="c">B207</subfield>
    <subfield code="d">2015-12-11</subfield>
    <subfield code="o">ATM LA 2004 B207 Or.8</subfield>
    <subfield code="p">RUA034724</subfield>
    <subfield code="r">2015-12-11</subfield>
    <subfield code="w">2015-12-11</subfield>
    <subfield code="y">ATM</subfield>
  </datafield>
  <datafield tag="952" ind1=" " ind2=" ">
    <subfield code="0">0</subfield>
    <subfield code="1">0</subfield>
    <subfield code="2">ddc</subfield>
    <subfield code="4">0</subfield>
    <subfield code="6">ATM_LA_2004_000000000000000_B207_OR_9</subfield>
    <subfield code="7">0</subfield>
    <subfield code="9">22563</subfield>
    <subfield code="a">LBB</subfield>
    <subfield code="b">LBB</subfield>
    <subfield code="c">B207</subfield>
    <subfield code="d">2015-12-11</subfield>
    <subfield code="o">ATM LA 2004 B207 Or.9</subfield>
    <subfield code="p">RUA033965</subfield>
    <subfield code="r">2015-12-11</subfield>
    <subfield code="w">2015-12-11</subfield>
    <subfield code="y">ATM</subfield>
  </datafield>
  <datafield tag="952" ind1=" " ind2=" ">
    <subfield code="0">0</subfield>
    <subfield code="1">0</subfield>
    <subfield code="2">ddc</subfield>
    <subfield code="4">0</subfield>
    <subfield code="6">ATM_LA_2004_000000000000000_B207_OR_10</subfield>
    <subfield code="7">0</subfield>
    <subfield code="9">22564</subfield>
    <subfield code="a">LBB</subfield>
    <subfield code="b">LBB</subfield>
    <subfield code="c">B207</subfield>
    <subfield code="d">2015-12-11</subfield>
    <subfield code="o">ATM LA 2004 B207 Or.10</subfield>
    <subfield code="p">RUA034616</subfield>
    <subfield code="r">2015-12-11</subfield>
    <subfield code="w">2015-12-11</subfield>
    <subfield code="y">ATM</subfield>
  </datafield>
  <datafield tag="952" ind1=" " ind2=" ">
    <subfield code="0">0</subfield>
    <subfield code="1">0</subfield>
    <subfield code="2">ddc</subfield>
    <subfield code="4">0</subfield>
    <subfield code="6">ATM_LA_2004_000000000000000_B207_OR_11</subfield>
    <subfield code="7">0</subfield>
    <subfield code="9">22565</subfield>
    <subfield code="a">LBB</subfield>
    <subfield code="b">LBB</subfield>
    <subfield code="c">B207</subfield>
    <subfield code="d">2015-12-11</subfield>
    <subfield code="o">ATM LA 2004 B207 Or.11</subfield>
    <subfield code="p">RUA033819</subfield>
    <subfield code="r">2015-12-11</subfield>
    <subfield code="w">2015-12-11</subfield>
    <subfield code="y">ATM</subfield>
  </datafield>
</record>
